000 00613nam a2200229 i 4500
001 C2-0267838
003 PPAK
005 20180727234935.0
008 060808s1982 enka|||| ||||| | eng d
020 _a0863180248
040 _aPPAK
_beng
_cPPAK
_erda
082 0 4 _a646.454
_223
090 0 0 _a646.454
_bSWE
_dR
245 0 4 _aThe sweater book
264 1 _aLondon :
_bDorling Kindersley ,
_c1982
300 _a143 pages :
_bcolour illustrations ;
_c28 cm
336 _2rdacontent
_atext
337 _2rdamedia
_aunmediated
338 _2rdacarrier
_avolume
650 1 0 _aSweaters ; Knitting
942 _ddc
_cB
999 _c76748
_d76748